[Event "BCF-chT2 2223 (4NCL)"]
[Site "England"]
[Date "2023.04.29"]
[Round "9.26"]
[White "Verma, Shlok"]
[Black "Badacsonyi, Stanley Ethan Artie"]
[Result "1/2-1/2"]
[WhiteElo "2055"]
[BlackElo "2154"]
[PlyCount "102"]
[EventDate "2022.10.22"]
[EventType "team-tourn"]
[EventRounds "11"]
[EventCountry "ENG"]
[SourceTitle "EXT 2024"]
[Source "ChessBase"]
[SourceDate "2023.10.10"]
[SourceVersion "1"]
[SourceVersionDate "2023.10.10"]
[SourceQuality "1"]
[WhiteTeam "KJCA Kings"]
[BlackTeam "Barnet Knights"]
[WhiteTeamCountry "ENG"]
[BlackTeamCountry "ENG"]

1. d4 Nf6 2. c4 c5 3. d5 b5 4. cxb5 a6 5. bxa6 g6 6. Nc3 Bg7 7. e4 0-0 8. Nf3 Qa5 9. Bd2 Bxa6 10. g3 Bxf1 11. Kxf1 Qa6+ 12. Kg2 d6 13. Qc2 Nbd7 14. a4 Rfb8 15. Nb5 Qb6 16. Bc3 e6 17. Rad1 exd5 18. exd5 Ra6 19. b3 Qb7 20. Qb2 c4 21. bxc4 Rxa4 22. Qc2 Rba8 23. Ra1 Rxa1 24. Rxa1 Rxa1 25. Bxa1 Nxd5 26. Bxg7 Kxg7 27. Nxd6 Qc6 28. Qb2+ N5f6 29. Ne8+ Kf8 30. Nxf6 Qxf6 31. Qxf6 Nxf6 32. Nd2 Nd7 33. Kf3 Ke7 34. Ke3 Ne5 35. h3 f6 36. Kd4 Ke6 37. f4 Nc6+ 38. Kc5 Na5 39. Kb6 Nxc4+ 40. Nxc4 Kd5 41. Nd2 Kd4 42. Kc6 Ke3 43. Kd6 Kxd2 44. g4 Ke3 45. f5 Kf4 46. Ke6 Kg5 47. h4+ Kxg4 48. fxg6 hxg6 49. Kxf6 Kh5 50. Kg7 g5 51. hxg5 Kxg5 1/2-1/2

[Event "London Mindsports-C"]
[Site "London"]
[Date "2023.02.19"]
[Round "9"]
[White "Watson, Jacob"]
[Black "Badacsonyi, Stanley Ethan Artie"]
[Result "1-0"]
[WhiteElo "1889"]
[BlackElo "1935"]
[PlyCount "53"]
[EventDate "2023.02.15"]
[EventType "tourn"]
[EventRounds "9"]
[EventCountry "ENG"]
[SourceTitle "CBM 213 Extra"]
[Source "ChessBase"]
[SourceDate "2023.05.31"]
[SourceVersion "1"]
[SourceVersionDate "2023.05.31"]
[SourceQuality "1"]

1. e4 e6 2. d4 d5 3. exd5 exd5 4. c4 Nf6 5. Nc3 Be7 6. Bd3 dxc4 7. Bxc4 0-0 8. Nge2 h6 9. 0-0 b6 10. Nf4 Bb7 11. Ng6 Bd6 12. Nxf8 Kxf8 13. Nb5 a6 14. Nxd6 Qxd6 15. f3 Nc6 16. Be3 Na5 17. Bd3 Re8 18. Bf2 Nd5 19. Re1 Rd8 20. Be4 Qb4 21. Qc2 Nc6 22. Bxd5 Rxd5 23. Qe4 Rd8 24. d5 Qxe4 25. fxe4 Nb4 26. Red1 Re8 27. a3 1-0